| 000 | 00610nam a22002417a 4500 | ||
|---|---|---|---|
| 003 | OSt | ||
| 005 | 20140310183022.0 | ||
| 008 | 130215t xxu||||| |||| 00| 0 eng d | ||
| 020 | _a9789712354144 | ||
| 050 |
_aLB 1050.53 _b.B523 2009 |
||
| 082 |
_aFIL 428.4 _bB46 2009 |
||
| 245 |
_aDevelopmental reading 1 _cBernardo, Alejandro S. |
||
| 260 |
_aManila _bRex Book Store _c2009 |
||
| 300 |
_a416 p. _c26 cm. |
||
| 521 | _acollege students | ||
| 526 | _c1210L-1700L | ||
| 541 | _j1 | ||
| 541 | _j3 | ||
| 541 | _j2 | ||
| 541 | _j4 | ||
| 562 | _e4 | ||
| 942 |
_2lcc _cBK _kFIL |
||
| 999 |
_c18377 _d18377 |
||